000 01282nam a2200313 i 4500
003 EG-GICUC
005 20260121101537.0
008 251224r1976 ua ||||fr ||| 00| 0 ara d
017 _a19765528
020 _a9772012081
040 _aEG-GICUC
_cEG-GICUC
_dEG-GICUC
_erda
_bara
041 0 _aara
082 0 4 _221
_a345.4571201
_bم ص . ف
092 0 4 _221
099 _aLaw1 07 345.4571201 م ص . ف 1976
100 0 _aمصطفى محمود احمد عفيفى
_eمؤلف.
245 1 0 _aفلسفة العقوبة التأديبية واهدافها :
_bدراسة مقارنة /
_cمصطفى محمود احمد عفيفى.
264 1 _aالقاهرة :
_b[اسم الناشر غير محدد],
_c1976.
300 _a571 ؛ صفحة
_c24 سم.
336 _atext
_2rda content
337 _aComputer
_2rda media
338 _aOnline Resource
_2rda carrier
504 _aيحتوي على ارجاعات ببليوجرافية يحتوي على قائمة بالمراجع
546 _aالنص أغلبه باللغة العربية مع بعض النصوص الفرنسية
650 1 4 _aالعقوبات التاديبيه
_xالقانون الاداري
856 _uhttps://fll.law.cu.edu.eg/fulltext/th/B07-01610.pdf
905 _a75
942 _2ddc
_cBK
_e21
_n0
999 _c52465
_d52465